Red Dead Redemption 2 : La bande de Dutch - Statistiques

Statistiques générales
  • Ce quiz a été pris 3 437 fois
  • Le résultat moyen est 16 sur 24
Statistiques - réponses
Nom % Correct
Arthur Morgan
99%
Dutch Van Der Linde
98%
John Marston
95%
Micah Bell
87%
Bill Williamson
79%
Hosea Matthews
79%
Lenny Summers
79%
Javier Escuella
75%
Jack Marston
74%
Abigail Roberts
73%
Charles Smith
71%
Sean Macguire
70%
Sadie Adler
67%
L’Oncle
61%
Susan Grimshaw
57%
Tilly Jackson
52%
Pearson
51%
Molly O’Shea
49%
Mary-Beth Gaskill
48%
Kieran Duffy
47%
Leopold Strauss
47%
Karen Jones
46%
Reverand Swanson
41%
Josiah Trelawny
35%
Aucun quiz correspondant
Distribution des résultats
% des personnes avec chaque résultat
Percentile par nombre de réponses
Votre historique - résultats
Vous n’avez pas pris ce quiz